000 00644nam a2200217Ia 4500
005 20251020182534.0
008 200515s9999 xx 000 0 und d
082 _a72.015:728(85)/I59/11
245 0 _aPrevi : I-1
260 _aLima
260 _c1974
300 _aPrevi
500 _a1 ejemplar
520 _aSistema constructivo empleado se ha denominado Prefabricación bidimensional a pie de obra, para muros y techos y prefabricación lineal a pie de obra para las columnas y las vigas
650 _aINGLATERRA
650 _aLIB
650 _aPREVI
650 _aPUB ININVI
650 _aSISTEMAS CONSTRUCTIVOS
942 _cLIB
999 _c2174
_d2174